000 00783nam a2200229Ii 4500
003 JO-AjNU
008 230605s9999||||xx |||||||||||||| ||und||
017 _a2005/01/74
020 _a978-9957-07-425-3
040 _aJO-AjNU
_bara
_erda
_cJO-AjNU
041 _aara
050 1 4 _aLC3965.H32 2011
100 3 _aالخطيب، جمال مؤلف/الحديدي، منى م.مشارك,
_eauthor
_942749
245 0 0 _aإستراتيجية تعليم الطلبة ذوي الحاجات الخاصة
250 _aط3
264 3 1 _aعمان:دار الفكر،2011
300 _a344ص
336 _atext
_btxt
_2rdacontent
337 _aunmediated
_bn
_2rdamedia
338 _avolume
_bnc
_2rdacarrier
650 4 _aتعليم خاص-أساليب التدريس-التدريس
_942750
999 _aA18328
_c21896
_d21896